Биологическое действие низкоинтенсивного лазерного излучения: пути регуляции растительного метаболизма. Ч. 2 (Запись № 13537164)

Подробности
000 -МАРКЕР
контрольное поле 01675nam2a2200253 4500
001 - ИДЕНТИФИКАТОР ЗАПИСИ
контрольное поле RU\NLR\BIBL_A\022707294
005 - ИДЕНТИФИКАТОР ВЕРСИИ
контрольное поле 20260210093956.0
010 ## - МЕЖДУНАРОДНЫЙ СТАНДАРТНЫЙ НОМЕР КНИГИ (ISBN)
Номер (ISBN) 978-5-6052498-1-8
Тираж 300
021 ## - НОМЕР ГОСУДАРСТВЕННОЙ РЕГИСТРАЦИИ
Код страны Российская Федерация
Номер КН-П-25-072310
Номер Листа государственной регистраци КН-П-25-7007
035 ## - ДРУГИЕ СИСТЕМНЫЕ НОМЕРА
Идентификатор записи (NLR Aleph) 022707294
100 ## - ДАННЫЕ ОБЩЕЙ ОБРАБОТКИ
Данные общей обработки 20260122d2025 k y0rusy50 ca
101 0# - ЯЗЫК РЕСУРСА
Язык текста, звукозаписи и т.д. русский
102 ## - СТРАНА ПУБЛИКАЦИИ ИЛИ ПРОИЗВОДСТВА
Страна публикации Российская Федерация
105 ## - ПОЛЕ КОДИРОВАННЫХ ДАННЫХ: ТЕКСТОВЫЕ МАТЕРИАЛЫ, МОНОГРАФИЧЕСКИЕ
Кодированные данные о монографическом текстовом документе a z 000yy
200 0# - ЗАГЛАВИЕ И СВЕДЕНИЯ ОБ ОТВЕТСТВЕННОСТИ
Основное заглавие Ч. 2
210 ## - ПУБЛИКАЦИЯ, РАСПРОСТРАНЕНИЕ И ДР.
Дата издания, распространения и т.д. 2025
215 ## - ФИЗИЧЕСКАЯ ХАРАКТЕРИСТИКА
Специфическое обозначение материала и объем 149, [2] с.
Другие сведения о физической характеристике ил., цв. ил., табл.
320 ## - ПРИМЕЧАНИЯ О НАЛИЧИИ В ДОКУМЕНТЕ БИБЛИОГРАФИИ / УКАЗАТЕЛЯ
Текст примечания Библиогр.: с. 126-147
461 #0 - УРОВЕНЬ НАБОРА
Встроенное поле 001RU\NLR\BIBL_A\022707289
-- 2001#$aБиологическое действие низкоинтенсивного лазерного излучения: пути регуляции растительного метаболизма$eмонография$fЛ. В. Дударева$gответственный редактор: доктор биологических наук, профессор В. К. Войников$gРоссийская академия наук, Сибирское отделение, Сибирский институт физиологии и биохимии растений$vЧ. 2
-- 700#1$aДударева$bЛ. В.$gЛюбовь Виссарионовна
Системный номер (АБИС) связанной записи 13552797
Автор Дударева, Л. В.
Место публикации Новосибирск
Дата публикации 2025-
Первые сведения об ответственности Л. В. Дударева
Имя издателя, распространителя и т.д. СО РАН
Сведения, относящиеся к заглавию монография
Заглавие Биологическое действие низкоинтенсивного лазерного излучения: пути регуляции растительного метаболизма
Номер тома Ч. 2
942 ## - ДОПОЛНИТЕЛЬНЫЕ ЭЛЕМЕНТЫ ЗАПИСИ (АБИС)
Тип экземпляра АБИС Книга
980 ## - КОЛЛЕКЦИЯ
Название коллекции Национальная библиография

Нет доступных экземпляров.